Statistiques concernant Pays par drapeau

Cliquez ici pour prendre le quiz!

Statistiques générales

  • Ce quiz a été pris 109 fois
    (58 depuis la dernière actualisation)
  • Le résultat moyen est 23 sur 36

Statistiques - réponses

Réponse% Correct
Canada
98%
Italie
96%
Australie
80%
Belgique
80%
Argentine
78%
Espagne
78%
Chine
76%
Norvège
76%
Nouvelle Zélande
76%
Panama
73%
Algérie
71%
Égypte
71%
Estonie
71%
Russie
71%
Colombie
69%
Inde
69%
Monaco
64%
Pérou
64%
Qatar
64%
Géorgie
62%
Syrie
62%
Éthiopie
60%
Fidji
60%
Laos
58%
Lituanie
56%
Malaisie
56%
Togo
53%
Belize
51%
Burkina Faso
49%
Ghana
49%
Guatemala
49%
Mexico
49%
Suriname
49%
Yémen
49%
Vanuatu
47%
Malta
33%

Distribution des résultats

Percentile par nombre de réponses

% des personnes avec chaque résultat

Votre développement - résultats

Vous n’avez pas pris ce quiz depuis la dernière actualisation